000 01140nam a22002897a 4500
999 _c21568
_d21568
003 AR-CdUCM
008 190312b ||||| |||| 00| 0 spa d
020 _a9786123180690
040 _aMUNICIPALIDAD PROVINCIAL DEL CUSCO
_cBIBLIOTECA MUNICIPAL DEL CUSCO
082 _a303.483/L21
_bL21
100 _aLama Odría, Mariana de
_945374
245 _aFanfiction :
_buna red social en el espacio de la ficción /
_cMariana de Lama Odría
260 _aLima :
_bUniversidad Peruana de Ciencias Aplicadas,
_c2016.
300 _a218 páginas. :
_bilustraciones ;
_c24 cm.
500 _zBibliografía: p. 211-218.
_aGlosario: p. 205-208.
505 _aContenido: Contexto -- El fanfiction como espacio generador de redes sociales.
650 _aFanfiction.net (Recurso electrónico)
_945375
650 _aRedes sociales en línea
_945278
650 _aInvestigación
_91940
650 _aInteracción social en jóvenes
_945376
650 _aFanfiction
_945377
650 _aAspectos sociales
_9262
650 _aCultura popular
_92559
710 _aUniversidad Peruana de Ciencias Aplicadas
_945331
942 _2ddc
_cLIBROS
945 _aRoel